Net cashflow models: are they reliable? (Record no. 30170)

MARC details
000 -LEADER
fixed length control field 01306cab a2200253 4500
001 - CONTROL NUMBER
control field ABS44608
008 - FIXED-LENGTH DATA ELEMENTS--GENERAL INFORMATION
fixed length control field 090401t1991 xxu||||| |||| 00| 0 eng d
035 ## - SYSTEM CONTROL NUMBER
System control number (Sirsi) u47991
041 ## - LANGUAGE CODE
Language code of text/sound track or separate title eng
100 ## - MAIN ENTRY--PERSONAL NAME
Personal name Kaka, A.P.
245 ## - TITLE STATEMENT
Title Net cashflow models: are they reliable?
260 ## - PUBLICATION, DISTRIBUTION, ETC.
Date of publication, distribution, etc. 1991
350 ## - PRICE (NR) (BK AM CF MU VM SE) [OBSOLETE]
Price 0
490 ## - SERIES STATEMENT
Series statement Construction Management & Economics
Volume/sequential designation 9(3) June 1991, 291-308(9)
520 ## - SUMMARY, ETC.
Summary, etc. Discusses the development of a reliable net cashflow model to be used by contractors at the tendering stage. The model is based on cost commitment curves instead of the usual value curves . As the model includes many simplified assumptions, there was a need to test its reliability. The model was tested on five building projects and produced good results. The possibility of building an ideal cost curve was examined by building an average curve from the available projects. the average curve was used to forecast net cash flows for the five projects. The results demonstrated the validity of the model as a forecasting tool. References. (Journal abstract)
650 ## - SUBJECT ADDED ENTRY--TOPICAL TERM
Topical term or geographic name entry element CASH FLOWS
650 ## - SUBJECT ADDED ENTRY--TOPICAL TERM
Topical term or geographic name entry element COST CURVES
650 ## - SUBJECT ADDED ENTRY--TOPICAL TERM
Topical term or geographic name entry element COST MODELLING
650 ## - SUBJECT ADDED ENTRY--TOPICAL TERM
Topical term or geographic name entry element EXPENDITURE FORECASTING
690 ## - LOCAL SUBJECT ADDED ENTRY--TOPICAL TERM (OCLC, RLIN)
Topical term or geographic name as entry element BUILT ENVIRONMENT-BUILDING COSTS
700 ## - ADDED ENTRY--PERSONAL NAME
Personal name Price, A.D.F.
942 ## - ADDED ENTRY ELEMENTS (KOHA)
Suppress in OPAC 0
948 ## - LOCAL PROCESSING INFORMATION (OCLC); SERIES PART DESIGNATOR (RLIN)
c (OCLC) 04/03/1997
Holdings
Withdrawn status Lost status Source of classification or shelving scheme Damaged status Not for loan Home library Current library Shelving location Date acquired Total Checkouts Full call number Barcode Date last seen Copy number Price effective from Koha item type
    Dewey Decimal Classification     London London Journal article 14/09/1999   ABS44608 47991-1001 06/08/2019 1 06/08/2019 Journal article